<?xml version="1.0" encoding="UTF-8"?>
<marc:record xmlns:marc="http://www.loc.gov/MARC21/slim">
   <marc:leader>00000nam a2200000 a 4500</marc:leader>
   <marc:datafield ind1=" " ind2=" " tag="653">
      <marc:subfield code="a">EU</marc:subfield>
   </marc:datafield>
   <marc:datafield ind1=" " ind2=" " tag="653">
      <marc:subfield code="a">Mini-MINT</marc:subfield>
   </marc:datafield>
   <marc:datafield ind1=" " ind2=" " tag="653">
      <marc:subfield code="a">LEADER</marc:subfield>
   </marc:datafield>
   <marc:datafield ind1=" " ind2=" " tag="653">
      <marc:subfield code="a">Memory</marc:subfield>
   </marc:datafield>
   <marc:datafield ind1=" " ind2=" " tag="653">
      <marc:subfield code="a">Mint</marc:subfield>
   </marc:datafield>
   <marc:datafield ind1="0" ind2="0" tag="245">
      <marc:subfield code="a">Memo Maria Sibylla Merian</marc:subfield>
   </marc:datafield>
   <marc:datafield ind1="0" ind2="0" tag="245">
      <marc:subfield code="b">Gedächtnisspiel mit 36 Motiven einer außergewöhnlichen Künstlerin</marc:subfield>
   </marc:datafield>
   <marc:datafield ind1=" " ind2="1" tag="264">
      <marc:subfield code="a">Leipzig</marc:subfield>
      <marc:subfield code="b">Seemann Henschel GmbH</marc:subfield>
   </marc:datafield>
   <marc:datafield ind1="1" ind2=" " tag="520">
      <marc:subfield code="a">ab 14 Jahren, ab 1 Spieler&#xD;
Sie war eine Abenteurerin, Naturwissenschaftlerin, Forscherin und eine außergewöhnliche Künstlerin: Maria Sibylla Merian. Sie lebte erst in Frankfurt und später in Holland, in Amsterdam. Als eine Frau, die immer wieder mit den Konventionen der Zeit brach, reiste sie im Juni 1699 – also 100 Jahre vor Alexander von Humboldt – gemeinsam mit ihrer jüngeren Tochter für zwei Jahre in die niederländische Kolonie Surinam. Im tropischen Regenwald in Südamerika beobachtete und erforschte sie das Leben der Schmetterlinge. Maria Sibylla, deren Vater der berühmte Kupferstecher Matthäus Merian war, interessierte sich schon als Kind besonders für Raupen, Maulbeerblätter, Falter wie die Seidenspinner und alles, was die große Wandlung der Natur, die Metamorphose, zum Ausdruck bringt. In Surinam war sie schließlich am Ziel ihrer Träume angelangt, hier zeichnete und aquarellierte sie viel; etliche Skizzenbücher entstanden. Raupe, Puppe, Falter: Dieser rätselhafte Zyklus, den sie darin einfing, lässt sich auch auf den Memo-Kärtchen in diesem Gedächtnisspiel entdecken.</marc:subfield>
   </marc:datafield>
   <marc:datafield ind1=" " ind2=" " tag="300">
      <marc:subfield code="a">72 Memokarten</marc:subfield>
   </marc:datafield>
</marc:record>
